Statistics for Districts and Divisions of Malaysia

Click here to take the quiz!

General Stats

  • This quiz has been taken 117 times
    (105 since last reset)
  • The average score is 70 of 108

Answer Stats

HintAnswer% Correct
Federal TerritoriesKuala Lumpur
97%
Johor Bahru
92%
Muar
90%
Labuan
88%
Putrajaya
88%
Seremban
83%
Klang
81%
JohorBatu Pahat
80%
Gua Musang
80%
Kuantan
80%
Kuching
80%
Mersing
80%
Rembau
80%
Kluang
78%
Kuala Selangor
78%
Pontian
78%
Port Dickson
78%
Tawau
78%
PerlisKangar
76%
Kuala Terengganu
76%
Raub
76%
Segamat
76%
MelakaAlor Gajah
75%
Jasin
75%
Kota Tinggi
75%
Pekan
75%
Sandakan
75%
PahangBentong
73%
SelangorGombak
73%
Hulu Langat
73%
Maran
73%
Miri
73%
Tampin
73%
Tanah Merah
73%
Negeri SembilanJelebu
71%
Jempol
71%
Kemaman
71%
Kota Bharu
71%
Petaling
71%
Tangkak
71%
Temerloh
71%
Hulu Selangor
69%
Hulu Terengganu
69%
Kuala Pilah
69%
Melaka Tengah
69%
Sik
69%
Dungun
68%
Pasir Mas
68%
Rompin
68%
Sabak Bernam
68%
Sepang
68%
Langkawi
66%
Pasir Puteh
66%
Tumpat
66%
Bintulu
64%
Kinta
64%
Kulai
64%
Lipis
64%
Yan
64%
KedahBaling
63%
Bera
63%
Cameron Highlands
63%
Hulu Perak
63%
Machang
63%
Marang
63%
Sibu
63%
KelantanBachok
61%
TerengganuBesut
61%
Central Seberang Perai
61%
Kuala Krai
61%
Kuala Langat
61%
Penang IslandNorth Seberang Perai
61%
South Seberang Perai
61%
Hilir Perak
59%
Jeli
59%
Jerantut
59%
Kampar
59%
Kuala Kangsar
59%
Manjung
59%
Northeast Penang Island
59%
Southwest Penang Island
59%
Kudat
58%
Larut, Matang, dan Selama
58%
Setiu
58%
Kerian
56%
Kota Setar
56%
Kulim
56%
Mukah
53%
Kuala Nerus
51%
Limbang
51%
Padang Terap
51%
Perak Tengah
51%
PerakBagan Datuk
49%
Muallim
49%
Sri Aman
49%
Bandar Baharu
47%
Kapit
47%
Kuala Muda
47%
Kubang Pasu
47%
Pendang
47%
Serian
47%
Sarikei
46%
Pokok Sena
44%
West Coast
44%
SarawakBetong
42%
SabahInterior
42%
Batang Padang
41%
Samarahan
39%

Score Distribution

Percentile by Number Answered

Percent of People with Each Score

Your Score History

You have not taken this quiz since the last reset